| 000 | 00892nam a22002057a 4500 | ||
|---|---|---|---|
| 005 | 20210325174308.0 | ||
| 008 | s2537 th tha d | ||
| 020 | _a9748362345 | ||
| 041 | _atha | ||
| 050 | _aE169 ท622ย 2537 | ||
| 100 | 0 | _aเทพรัตนราชสุดาฯ สยามบรมราชกุมารี, สมเด็จพระ | |
| 245 | 1 | 0 | _aเยือนถิ่นอินเดียนแดง |
| 260 | 3 |
_aกรุงเทพฯ : _bมูลนิธิสมเด็จพระเทพรัตนราชสุดา, _c2537 |
|
| 300 |
_a310 หน้า : _b ภาพประกอบ |
||
| 650 | 0 | 4 | _aสหรัฐอเมริกา -- ภูมิประเทศและการท่องเที่ยว |
| 850 | _aNALT | ||
| 942 | _cGB | ||
| 997 | _c000000000003667 | ||
| 998 | _aNarumon Suwan | ||
| 999 |
_c3667 _d3667 |
||